عطا / (Record no. 105044)

MARC details
000 -LEADER
fixed length control field 00700nam a22001937a 4500
005 - DATE AND TIME OF LATEST TRANSACTION
control field 20230511145303.0
010 ## - LCCN (DPL NO)
LC control number UR-9574
020 ## - INTERNATIONAL STANDARD BOOK NUMBER
Terms of availability 260.00
035 ## - SYSTEM CONTROL NUMBER
System control number U-8129
037 ## - SOURCE OF ACQUISITION
Source of stock number/acquisition DBAD/PUB
082 ## - DEWEY DECIMAL CLASSIFICATION NUMBER
Classification number 841
100 ## - MAIN ENTRY--PERSONAL NAME
Personal name قا د ر ی محمد عبد ا لقیو م ر ا جی
245 ## - TITLE STATEMENT
Title عطا /
Statement of responsibility, etc قا د ر ی محمد عبد ا لقیو م ر ا جی
246 ## - VARYING FORM OF TITLE
Title proper/short title Ataa /
Remainder of title by Abdul Qayyum Qadri Raaji
260 ## - PUBLICATION, DISTRIBUTION, ETC. (IMPRINT)
Place of publication, distribution, etc بد ا یو ں
Name of publisher, distributor, etc تا ج ا ل فھول اکیڈ می
Date of publication, distribution, etc 2016 ء
270 ## - ADDRESS
Address مدرسہ عا لیہ قادریہ ،مولوی محلہ
City بد ا یو ں
Postal code 243601
Telephone number 987503199
300 ## - PHYSICAL DESCRIPTION
Extent 367ص
Dimensions 22cm(Hb)
942 ## - ADDED ENTRY ELEMENTS (KOHA)
Source of classification or shelving scheme Dewey Decimal Classification
Item type Urdu Bks
Classification part 841
Call number suffix ق ا د
Holdings
Withdrawn status Lost status Not for loan Collection code Home library Current library Date acquired Source of acquisition Cost, normal purchase price Full call number Barcode Copy number Cost, replacement price Koha item type
      Non-fiction Shahdara Branch Shahdara Branch 09/12/2016 DBAD/PUB 260.00 841 ق ا د U-8129 1 260.00 Urdu Bks

© Delhi Public Library
Hit Counter
free hit counter